Statistiques concernant Les acteurs de Harry Potter et des Animaux Fantastiques

Cliquez ici pour prendre le quiz!

Statistiques générales

  • Ce quiz a été pris 55 fois
  • Le résultat moyen est 25 sur 72

Statistiques - réponses

HintRéponse% Correct
Hermione GrangerEmma Watson
98%
Ron WeasleyRupert Grint
95%
Harry PotterDaniel Radcliffe
93%
Drago MalefoyTom Felton
86%
Severus RogueAlan Rickman
79%
Ginny WeasleyBonnie Wright
79%
Gellert Grindelwald 1Johnny Depp
71%
Minerva McGonagallMaggie Smith
71%
VoldemortRalph Fiennes
71%
Cedric DiggoryRobert Pattinson
71%
Luna LovegoodEvanna Lynch
69%
Bellatrix LestrangeHelena Bonham Carter
69%
Neville LondubatMatthew Lewis
69%
Albus Dumbledore 2Michael Gambon
64%
George WeasleyOliver Phelps
64%
Sibylle TrelawneyEmma Thompson
60%
Fred WeasleyJames Phelps
60%
Fleur DelacourClémence Poesy
55%
Sirius BlackGary Oldman
55%
Albus Dumbledore 1Richard Harris
55%
Lucius MalefoyJason Isaac
52%
Albus Dumbledore 3Jude Law
50%
Molly WeasleyJulie Walters
48%
Remus LupinDavid Thewlis
43%
Gilderoy LockhartKenneth Branagh
43%
Norbert DragonneauEddie Redmayne
40%
Leta LestrangeZoé Kravitz
38%
Narcissa MalefoyHelen McCrory
36%
Arthur WeasleyMark Williams
33%
Argus RusardDavid Bradley
31%
Dolores OmbrageImelda Staunton
31%
Garrick OllivanderJohn Hurt
31%
Gellert Grindelwald 2Mads Mikkelsen
31%
Croyance BellebosseEzra Miller
29%
Nymphadora TonksNatalia Tena
29%
Vernon DursleyRichard Griffiths
29%
Filius FlitwickWarwick Davis
29%
Dean ThomasAlfred Enoch
26%
Alastor MaugreyBrendan Gleeson
26%
Horace SlughornJim Broadbent
26%
Peter PettigrowTimothy Spall
26%
Bill WeasleyDomhnall Gleeson
24%
Pétunia DursleyFiona Shaw
24%
Dudley DursleyHarry Melling
21%
Olympe MaximeFrances De La Tour
19%
Quirinus QuirrellIan Hart
19%
Thésée DragonneauCallum Turner
17%
Percy WeasleyChris Rankin
17%
Olivier DuboisSean Biggerstaff
17%
Queenie GoldsteinAlison Sudol
14%
Percival GravesColin Farrell
14%
Barty Croupton JrDavid Tennant
14%
Seamus FinniganDevon Muray
14%
Tina GoldsteinKatherine Waterson
14%
Poppy PomfreshGemma Jones
12%
Pomona ChouraveMiriam Margolyes
12%
Rufus ScrimgeourBill Nighy
10%
Seraphina PicqueryCarmen Ejogo
10%
Jacob KowalskiDan Fogler
10%
Nick Quasi Sans TêteJohn Cleese
10%
Cornelius FudgeRobert Hardy
10%
NaginiClaudia Kim
7%
Fenrir GreybackDave Legeno
7%
Kingsley ShackleboltGeorge Harris
7%
Viktor KrumStanislav Ianevski
7%
Lee JordanLuke Youngblood
2%
Igor KarkaroffPredrag Bjelac
2%
Nicolas FlamelBrontis Jodorowsky
0%
Katie BellGeorgina Leonidas
0%
Colin CriveyHugh Mitchell
0%
Alicia SpinnetRochelle Douglas
0%
Angelina JohnsonTiana Benjamin
0%

Distribution des résultats

Percentile par nombre de réponses

% des personnes avec chaque résultat

Votre développement - résultats

Vous n’avez pas pris ce quiz